Á lódáil...
Indian fishery handbook
| Formáid: | Printed Book |
|---|---|
| Foilsithe: |
USA
MARINE PRODUCTS EXPORT DEVELOPMENT AUTHORITY
|
| LEADER | 00364nam a22001097a 4500 | ||
|---|---|---|---|
| 082 | |a 639.2 |b IND | ||
| 245 | |a Indian fishery handbook | ||
| 260 | |a USA |b MARINE PRODUCTS EXPORT DEVELOPMENT AUTHORITY | ||
| 300 | |a 95p. | ||
| 942 | |c BK | ||
| 999 | |c 26621 |d 26621 | ||
| 952 | |0 0 |1 0 |4 0 |6 639_200000000000000_IND |7 0 |9 37284 |a KUFOS |b KUFOS |c CC |d 2018-02-09 |o 639.2 IND |p PKE30B |r 2018-02-09 |w 2018-02-09 |y BK | ||